000 00847nam a2200277 a 4500
999 _c7576
_d7576
001 7576
003 BD-JhCC
005 20181006171305.0
008 741217s1964 enk b 000 0 eng d
035 _a(BD-JhCC)7576
035 _a(OCoLC)1114610
040 _aBD-JhCC
_dBD-JhCC
041 _aeng
050 0 0 _aJA81
_b.C64
082 _a320.1
_bCRA 1964
100 1 _aCranston, Maurice William,
_d1920-
245 1 0 _aWestern political philosophers /
_cedited by Maurice Cranston.
260 _aThe Bodley Head :
_bLondon,
_c1964.
300 _a124 p.
_c19 cm.
490 0 _aA Background book
504 _aBibliography: p. 119-124.
505 0 _aPlato -- Aristotle -- Aquinas -- Machiavelli -- Hobbes -- Locke -- Rousseau -- Burke -- Hegel -- Marx -- Mill.
650 0 _aPolitical science
_xHistory.
942 _2ddc
_cBK